000
00317nam a2200133Ia 4500
100
_a
Khanna/ K.K.
942
_c
BK
245
_a
Physical Distribution Management :- Logistical Approach
260
_b
Himalaya pub.house
_a
Mumbai
_c
2000
082
_a
658.78
_b
KHA
300
_a
423
546
_a
ENGLISH
999
_c
28875
_d
28875